Teach Yourself English Grammar (Record no. 2741)

MARC details
000 -LEADER
fixed length control field 00357nam a22001337a 4500
008 - FIXED-LENGTH DATA ELEMENTS--GENERAL INFORMATION
fixed length control field 250327b |||||||| |||| 00| 0 eng d
020 ## - INTERNATIONAL STANDARD BOOK NUMBER
ISBN 0340867876
100 ## - MAIN ENTRY--AUTHOR
Author SHEPHEARD John
245 ## - TITLE STATEMENT
Title Teach Yourself English Grammar
260 ## - PUBLICATION, DISTRIBUTION, ETC. (IMPRINT)
Place of publication Chicago
Name of publisher Contemporary Books, McGraw-Hill Companies
Date of publication 2003
300 ## - COLLATION
Pagination xii, 323p.
942 ## - ADDED ENTRY ELEMENTS (KOHA)
Item type Books
050 ## - LIBRARY OF CONGRESS CALL NUMBER
Classification number PH82
Item number .S54
Holdings
Source of classification or shelving scheme Not for loan Permanent location Current location Date acquired Accession No. Full call number Barcode. Koha item type
Library of Congress Classification   Samuel Ogbemudia Main Library, University of Abuja Samuel Ogbemudia Main Library, University of Abuja 03/26/2025 2008/36484 PH82.S54 2025-1039 Books